| 000 | 00885nam a22002177a 4500 | ||
|---|---|---|---|
| 003 | 0 | ||
| 005 | 20250120102655.0 | ||
| 008 | 150930b xxu||||| |||| 00| 0 eng d | ||
| 050 |
_aPHS BL 48.4 _b.Al321 2015 |
||
| 100 | _aAlarcon, Timothy Gabriel D. | ||
| 245 |
_aThe relationship between religiosity and the parental relationship of Grade 11 students of Southville International School and Colleges _cTimothy Gabriel D. Alarcon |
||
| 260 |
_aLas PiƱas, Philippines : _bSouthville International School and Colleges, _c2015. |
||
| 300 |
_aiii, 35 p. : _bill. ; _c28 cm. |
||
| 504 | _aIncludes bibliographical references. | ||
| 650 | _aReligious influences on family life. | ||
| 650 | _aParental relationships and religious beliefs. | ||
| 650 |
_aFamily _vReligious aspects. |
||
| 650 |
_aParenting _vReligious aspects. |
||
| 650 | _aParent-child relationship. | ||
| 942 |
_2lcc _cPASS |
||
| 999 |
_c288786 _d288786 |
||